| 000 | 00523nam a2200205Ia 4500 | ||
|---|---|---|---|
| 005 | 20260429112226.0 | ||
| 008 | 260429s9999||||xx |||||||||||||| ||und|| | ||
| 020 | _a9789395080231 | ||
| 041 | _aEnglish | ||
| 082 |
_a297.092 _bAHM |
||
| 100 | _aAhmed, Taukir | ||
| 245 | 0 |
_aProphet Muhammad and the Islamic faith / _cTaukir Ahmed |
|
| 260 |
_aJaipur : _bKeya, _c2024. |
||
| 300 | _aviii, 280 p.; hb | ||
| 650 | _a Biography | ||
| 650 | _a Islam | ||
| 650 | _a Prophet muhammad | ||
| 650 | _aReligion | ||
| 942 | _cTB | ||
| 999 |
_c52991 _d52991 |
||